000 00613nam a22002057a 4500
005 20100806134323.0
010 _aENG-98685
020 _a8125032495
_c50.00
020 _a9788125032496
_c50.00
035 _aEN-82217
037 _bDBAD/PUB
082 _aN
100 _aAusten,Jane
_97701
245 _aPride and prejuidice /
_cby Jane Austen
260 _aChennai
_bOrient Black Swan
_c2008
270 _a160 Anna Salai
_bChennai
_e600002
300 _ax,122p.
_c21cm (pbk)
942 _2ddc
_cEN
_hN
999 _c39747
_d39747